Análisis económico del puerto de Barcelona / (Record no. 146323)

MARC details
000 -LEADER
campo de control de longitud fija 00679nam a2200217 i 4500
001 - NÚMERO DE CONTROL
campo de control 146323
003 - IDENTIFICADOR DE NÚMERO DE CONTROL
campo de control ES-MaACL
005 - FECHA Y HORA DE LA ÚLTIMA TRANSACCIÓN
campo de control 20230906201508.0
007 - CAMPO FIJO DE DESCRIPCIÓN FÍSICA--INFORMACIÓN GENERAL
campo de control de longitud fija t|
008 - DATOS DE LONGITUD FIJA--INFORMACIÓN GENERAL
campo de control de longitud fija 070906s1968 sp ||||1| spa d
080 ## - NÚMERO DE LA CLASIFICACIÓN DECIMAL UNIVERSAL
Número de la Clasificación Decimal Universal 387(467.11 B.)
100 1# - ENTRADA PRINCIPAL--NOMBRE DE PERSONA
Nombre de persona Trías Fargas, Ramón.
9 (RLIN) 111378
245 10 - MENCIÓN DEL TÍTULO
Título Análisis económico del puerto de Barcelona /
Mención de responsabilidad, etc. dirección Ramón Trías Fargas.
260 ## - PUBLICACIÓN, DISTRIBUCIÓN, ETC.
Lugar de publicación, distribución, etc. Madrid :
Nombre del editor, distribuidor, etc. Moneda y Crédito,
Fecha de publicación, distribución, etc. 1968.
300 ## - DESCRIPCIÓN FÍSICA
Extensión 341 p., 8 map. pleg. ;
Dimensiones 23 cm.
500 ## - NOTA GENERAL
Nota general Precede al tít.: Banco Urquijo.
500 ## - NOTA GENERAL
Nota general Faltan p. 49-64.
651 #4 - PUNTO DE ACCESO ADICIONAL DE MATERIA--NOMBRE GEOGRÁFICO
Nombre geográfico Puerto de Barcelona.
9 (RLIN) 155666
710 2# - ENTRADA AGREGADA--NOMBRE DE ENTIDAD CORPORATIVA
Nombre de entidad corporativa o nombre de jurisdicción como elemento de entrada Banco Urquijo.
9 (RLIN) 2138
852 ## - LOCALIZACIÓN
Ubicación ES-MaACL
Número de control de estantería B-8579
Sublocalización o colección R.66541
Holdings
Estatus retirado Estado de pérdida Estado de daño No para préstamo Biblioteca de origen Biblioteca actual Ubicación en estantería Fecha de adquisición Fuente de adquisición Total de préstamos Signatura topográfica completa Código de barras Visto por última vez Precio de reemplazo Tipo de ítem Koha
        Biblioteca del Ateneo de Madrid Biblioteca del Ateneo de Madrid Sala Pardo Bazán 17/01/2008     B-8579 1152724 23/02/2023 23/02/2023 Libro impreso